000 01054nam a2200265Ia 4500
003 OSt
005 20220923230642.0
006 a|||||r|||| 00| 0
007 ta
008 220922b |||||||| |||| 00| 0 hin d
020 _c200
024 _a289,952
037 _b381, 11/03/2016, Eastern Book Linkers
_cTextual
040 _aARTS
_cARTS
_bhin
041 _2hin
_ahin
082 _a4(P152)0aV2:51, 152Q1
100 _aकृष्णदेव, 'अरविंद'
245 0 _aहिन्दी पत्रकारिता और स्वतंत्रता संग्राम
246 _aHindī patrakāritā aur svatantratā sangrāma
260 _aनयी दिल्ली
_b नेशनल पब्लिशिंग हाउस
_c2011
300 _a138पृ.
_ccm.
650 _aहिन्दी पत्रकारिता
942 _h4(P152)0aV2:51, 152Q1
_cTEXL
_2CC
999 _c386290
_d386290